[Event "Manizales op 27th"]
[Site "Manizales"]
[Date "2022.01.07"]
[Round "3"]
[White "Pinilla, Miguel Angel"]
[Black "Trujillo, Luis Angel"]
[Result "0-1"]
[WhiteElo "1300"]
[BlackElo "1613"]
[PlyCount "66"]
[EventDate "2022.01.06"]
[EventType "swiss"]
[EventRounds "8"]
[EventCountry "COL"]
[SourceTitle "CBM 206 Extra"]
[Source "ChessBase"]
[SourceDate "2022.03.31"]
[SourceVersion "1"]
[SourceVersionDate "2022.03.31"]
[SourceQuality "1"]

1. e4 d5 2. exd5 Qxd5 3. Nc3 Qd8 4. Nf3 Nf6 5. Bc4 e6 6. 0-0 Bd6 7. d4 c6 8. Be3 0-0 9. Re1 Nbd7 10. Qd2 Qc7 11. g3 b5 12. Bb3 Bb7 13. Bf4 Rad8 14. Bxd6 Qxd6 15. Rad1 a6 16. Qf4 Qxf4 17. gxf4 c5 18. Ne5 c4 19. Bxc4 bxc4 20. Nxc4 Nd5 21. Nxd5 Bxd5 22. Ne5 Nxe5 23. fxe5 Rc8 24. c3 Bxa2 25. Ra1 Bc4 26. Ra3 Rb8 27. b4 f6 28. f4 fxe5 29. fxe5 Rf5 30. Ra5 Rbf8 31. Raa1 Rg5+ 32. Kh1 Bd5+ 33. Re4 Bxe4# 0-1